[Event "Nord-ch Senior"]
[Site "Calais"]
[Date "2015.11.24"]
[Round "4"]
[White "Lucas, Jean"]
[Black "Rosaia, Dany"]
[Result "1-0"]
[WhiteElo "1657"]
[BlackElo "1449"]
[PlyCount "73"]
[EventDate "2015.11.22"]
[EventType "tourn"]
[EventRounds "9"]
[EventCountry "FRA"]
[SourceTitle "EXT 2024"]
[Source "ChessBase"]
[SourceDate "2023.10.10"]
[SourceVersion "1"]
[SourceVersionDate "2023.10.10"]
[SourceQuality "1"]

1. e4 c5 2. d4 cxd4 3. c3 dxc3 4. Nxc3 e5 5. Nf3 Nc6 6. Bc4 h6 7. Qb3 Qf6 8. Nd5 Qd8 9. Nc7+ Qxc7 10. Bxf7+ Kd8 11. Bxg8 Bb4+ 12. Bd2 Bxd2+ 13. Kxd2 Qa5+ 14. Ke2 g5 15. h3 h5 16. Bd5 Nd4+ 17. Nxd4 exd4 18. Rad1 Qc5 19. Rc1 Qd6 20. Rhd1 Qh2 21. Qg3 Qxg3 22. fxg3 Ke7 23. e5 Rh6 24. Rxd4 Rb6 25. Rc2 a5 26. Rdc4 Kd8 27. h4 Rb5 28. Rd4 g4 29. Ke3 Rb6 30. Bf7 Rh6 31. Kf4 Ke7 32. Kg5 Rh7 33. Bxh5 b5 34. Bxg4 Rg7+ 35. Kf4 Bb7 36. Rxd7+ Kf8 37. Rxb7 1-0

[Event "Nord-ch Senior"]
[Site "Calais"]
[Date "2015.11.23"]
[Round "2"]
[White "Rosaia, Dany"]
[Black "Lefebvre, Serge"]
[Result "0-1"]
[WhiteElo "1449"]
[BlackElo "1630"]
[PlyCount "48"]
[EventDate "2015.11.22"]
[EventType "tourn"]
[EventRounds "9"]
[EventCountry "FRA"]
[SourceTitle "EXT 2024"]
[Source "ChessBase"]
[SourceDate "2023.10.10"]
[SourceVersion "1"]
[SourceVersionDate "2023.10.10"]
[SourceQuality "1"]

1. d4 Nf6 2. c4 c5 3. d5 b5 4. e3 bxc4 5. Bxc4 g6 6. Qa4 Bg7 7. Nc3 0-0 8. Nge2 d6 9. e4 Nbd7 10. Qd1 Nb6 11. b3 Nxe4 12. Bb2 Nxc4 13. bxc4 Rb8 14. Qc2 Bf5 15. Qc1 Qb6 16. Ba3 Nxc3 17. Nxc3 Qa5 18. Bb2 Rxb2 19. 0-0 Qxc3 20. Qf4 Rc2 21. Rfc1 Be5 22. Rxc2 Qxc2 23. Qc1 Bxa1 24. Qxa1 Qb1+ 0-1

[Event "Lille Seniors op"]
[Site "Lille"]
[Date "2014.11.29"]
[Round "7"]
[White "Lucas, Jean"]
[Black "Rosaia, Dany"]
[Result "1-0"]
[WhiteElo "1754"]
[BlackElo "1361"]
[PlyCount "111"]
[EventDate "2014.11.24"]
[EventType "swiss"]
[EventRounds "7"]
[EventCountry "FRA"]
[SourceTitle "EXT 2016"]
[Source "ChessBase"]
[SourceDate "2015.10.08"]
[SourceVersion "1"]
[SourceVersionDate "2015.10.08"]
[SourceQuality "1"]

1. e4 e6 2. d4 d5 3. Nd2 Nf6 4. e5 Nfd7 5. Bd3 g6 6. Ne2 a6 7. 0-0 c5 8. c3 Bg7 9. f4 0-0 10. Nf3 Nc6 11. Be3 c4 12. Bc2 b5 13. g4 f6 14. Ng3 Ne7 15. exf6 Nxf6 16. Ne5 Nd7 17. Qd2 Nxe5 18. fxe5 Nc6 19. Bh6 Qh4 20. Rxf8+ Bxf8 21. Bxf8 Kxf8 22. Qf4+ Ke8 23. Rf1 Qe7 24. g5 Ra7 25. Qg4 Nd8 26. Rf6 Qg7 27. Ne2 Rf7 28. Nf4 Rxf6 29. gxf6 Qh6 30. Kg2 Kf7 31. Kg3 g5 32. Nxd5 Qh4+ 33. Qxh4 gxh4+ 34. Kxh4 exd5 35. Bxh7 Kf8 36. Kg3 Be6 37. Bc2 Nf7 38. Kf4 Nh6 39. h4 Kg8 40. Kg5 Nf7+ 41. Kg6 Nh8+ 42. Kh6 Nf7+ 43. Kh5 Nh8 44. b3 a5 45. bxc4 bxc4 46. a3 Nf7 47. Kg6 Nh8+ 48. Kg5 Nf7+ 49. Kf4 Nh6 50. Bg6 Kh8 51. Kg5 Ng8 52. f7 Kg7 53. fxg8R+ Bxg8 54. h5 Be6 55. h6+ Kh8 56. Kf6 1-0

[Event "Lille Seniors op"]
[Site "Lille"]
[Date "2014.11.25"]
[Round "2"]
[White "Bougel, Claude"]
[Black "Rosaia, Dany"]
[Result "1-0"]
[WhiteElo "1718"]
[BlackElo "1361"]
[PlyCount "93"]
[EventDate "2014.11.24"]
[EventType "swiss"]
[EventRounds "7"]
[EventCountry "FRA"]
[SourceTitle "EXT 2016"]
[Source "ChessBase"]
[SourceDate "2015.10.08"]
[SourceVersion "1"]
[SourceVersionDate "2015.10.08"]
[SourceQuality "1"]

1. c4 e5 2. Nc3 c6 3. Nf3 d6 4. d4 f6 5. e4 Ne7 6. Be2 Ng6 7. Be3 Be7 8. Qb3 exd4 9. Nxd4 c5 10. Nf3 0-0 11. 0-0 Ne5 12. Rad1 Na6 13. a3 b6 14. Nd2 Bb7 15. f4 Nc6 16. Nf3 Na5 17. Qc2 Qc7 18. Rd2 Rad8 19. Rfd1 Bc6 20. Nd5 Bxd5 21. Rxd5 Rf7 22. Nh4 g6 23. Nf3 Qb8 24. R5d2 Nc6 25. Ne1 Na5 26. Bf3 Kh8 27. Nd3 Nc7 28. b4 Nb7 29. Nf2 a5 30. b5 Ne8 31. Rd3 Ng7 32. Bc1 Ne8 33. Bb2 Kg7 34. Nh3 h6 35. Bg4 Rf8 36. Rg3 Kf7 37. Bf3 Ng7 38. Qe2 Rde8 39. Nf2 h5 40. Qd3 Nd8 41. Qd5+ Nde6 42. f5 Qc8 43. Rxg6 Rh8 44. Rg3 Kf8 45. fxe6 Qxe6 46. Rg6 Kf7 47. Rxg7+ 1-0